| 000 | 01118nam a2200241 a 4500 | ||
|---|---|---|---|
| 001 | 48532 | ||
| 003 | BD-RjUL | ||
| 005 | 20211209054535.0 | ||
| 008 | 160814b1968 bg ||||| |||| 00| 0 ben d | ||
| 020 | _cTK.3.50 | ||
| 035 | _a(BD-RjUL)48651 | ||
| 040 |
_aBD-RjUL _bben _cBD-RjUL |
||
| 041 | _aben | ||
| 082 |
_223 _a891.4409 _bISM 1968 |
||
| 100 |
_aইসলাম, মুস্তাফা নূরউল _9146693 |
||
| 245 | 1 | 0 |
_aমুসলিম বাংলা সাহিত্য পাঠ পরিক্রমা / _cমুস্তাফা নূরউল ইসলাম |
| 260 |
_aরাজশাহী : _bমিত্রসংঘ, _c১৯৬৮ |
||
| 300 |
_a[১৬] ১৩৯ পৃ. ; _c২২ সেমি. |
||
| 500 | _a"রাজশাহী বিশ্ববিদ্যালয়ের বাংলা বিভাগের অর্থানুকূল্যে প্রকাশিত" | ||
| 650 |
_aবাংলা সাহিত্য _xইতিহাস ও সমালোচনা _9146694 |
||
| 650 |
_aBengla Literature _xHistory and Criticism _9122631 |
||
| 942 |
_2ddc _cBK |
||
| 999 |
_c48532 _d48532 |
||